000 00318 a2200121 4500
001 146256
040 _cEscola São Tomás de Aquino
100 _aBATTAGLIA, Stela Maris Fazio
240 1 0 _aAventuras de Robinson Crusoé
_lpor
245 1 0 _aAventuras de Robinson Crusoé
697 _a*LITERATURA INFANTO
942 _cBK
999 _c146256
_d146256